| 000 | 00781nam a2200229 a 4500 | ||
|---|---|---|---|
| 001 | 41075 | ||
| 003 | BD-RjUL | ||
| 005 | 20211209053327.0 | ||
| 008 | 160514s1969 bg ||||| |||| 00| f ben d | ||
| 020 | _c: IRs. 4.50 | ||
| 035 | _a(BD-RjUL) 41191 | ||
| 040 |
_aBD-RjUL _bben _cBD-RjUL |
||
| 041 | _aben | ||
| 082 |
_223 _a891.443 _bRAA 1969 |
||
| 100 |
_aরহমান, শেখ ফজলুর _9124977 |
||
| 245 | 1 | 0 |
_aঅলক্ত গোধূলি / _cশেখ ফজলুর রহমান |
| 260 |
_aবাংলাবাজার : _bসাহিত্যিকা, _c১৯৬৯ |
||
| 300 |
_a১৬০ পৃ. ; _c২১ সেমি. |
||
| 650 |
_aবাংলা উপন্যাস _9126366 |
||
| 650 |
_aBengali Fiction _9126367 |
||
| 942 |
_2ddc _cBK |
||
| 999 |
_c41075 _d41075 |
||